000
00300nam a22001337a 4500
008
171027b xxu||||| |||| 00| 0 eng d
020
_a
0716704676
041
_a
eng
080
_2
6 ED
_a
311
100
_a
55
101
_a
STA
245
_a
INTRODUCTION AND STATISTICS
_c
ALDER.R
942
_2
udc
_c
BK
999
_c
36027
_d
36027